Click to Translate-Tagalog - Statistics

General Stats
  • This quiz has been taken 140 times
  • The average score is 12 of 20
Answer Stats
Hint Answer % Correct
Two Dalawa
79%
Apple Mansanas
78%
Cow Baka
72%
Car Kotse
72%
Spoon Kutsara
70%
Hair Buhok
69%
Pineapple Pinya
67%
Bottle Bote
65%
Gun Baril
62%
Rock Bato
60%
Chair Upuan
60%
Wheel Gulong
58%
Nose Ilong
58%
Red Pula
57%
Rat Daga
56%
Tree Puno
55%
Toy Laruan
53%
Circle Bilog
52%
Frog Palaka
51%
Earth (Land) Lupa
47%
No matching quizzes found
Score Distribution
Percent of People with Each Score
Percentile by Number Answered
Your Score History
You have not taken this quiz